Top 20 Most Well Known World Leaders - Statistics

General Stats
  • This quiz has been taken 37 times
  • The average score is 10 of 20
Answer Stats
Country Rank Answer % Correct
South Africa #7 Nelson Mandela
88%
Roman Empire #2 Julius Caesar
85%
Great Britain #4 Winston Churchill
85%
United States of America #9 Abraham Lincoln
82%
Macedonia #1 Alexander the Great
82%
Mongol Empire #6 Genghis Khan
82%
France #11 Napoleon Bonaparte
82%
Roman Empire #3 Augustus Caesar
74%
Huns #10 Attila the Hun
59%
Great Britain #18 Elizabeth II
56%
United States of America #14 John F. Kennedy
56%
Russia #5 Peter the Great
44%
Ottoman Empire #12 Suleiman the Magnificent
29%
England #20 William the Conquerer
29%
Wessex #15 Alfred the Great
26%
Roman Empire #8 Constantine the Great
26%
Babylonian Empire #16 Hammurabi
26%
Roman Empire #13 Marcus Aurelius
15%
Denmark/England #17 Cnut the Great
12%
Ostrogoths #19 Theoderic the Great
6%
No matching quizzes found
Score Distribution
Percent of People with Each Score
Percentile by Number Answered
Your Score History
You have not taken this quiz